| 000 | 01500nam a22003978cb4500 | ||
|---|---|---|---|
| 001 | BV049037229 | ||
| 003 | DE-604 | ||
| 005 | 20240305170156.0 | ||
| 006 | a m||| 00||| | ||
| 007 | cr|uuu---uuuuu | ||
| 008 | 230706s2023 gw |||| o||u| ||||||ger d | ||
| 020 |
_a9783846768273 _9978-3-8467-6827-3 |
||
| 024 | 7 |
_a10.30965/9783846768273 _2doi |
|
| 035 | _a(OCoLC)1420162378 | ||
| 035 | _a(DE-599)BVBBV049037229 | ||
| 040 |
_aDE-604 _bger _cRU-10907106 |
||
| 041 | 0 | _ager | |
| 044 |
_agw _cXA-DE-NW |
||
| 100 | 1 |
_aLee, Haneul _d1988- _eVerfasser _0(DE-588)1304454916 _4aut _961519 |
|
| 245 | 1 | 0 |
_aDie Bildwelt in Walter Benjamins Kafka-Lektüre _cHaneul Lee |
| 264 | 1 |
_aPaderborn _bBrill | Fink _c[2023] |
|
| 300 |
_a1 Online-Ressource (XXXV, 241 Seiten) _bIllustrationen |
||
| 336 |
_aText _btxt _2rdacontent |
||
| 337 |
_aComputermedien _bc _2rdamedia |
||
| 338 |
_aOnline-Ressource _bcr _2rdacarrier |
||
| 490 | 0 |
_aÄsthetische Praxis _v6 |
|
| 500 | _aE-Book / Zugriff nur im DHI-Lesesaal | ||
| 502 |
_bDissertation _cLeuphana Universität Lüneburg _d2022 |
||
| 600 | 1 | 7 |
_aBenjamin, Walter _d1892-1940 _0(DE-588)118509039 _2gnd _955472 |
| 600 | 1 | 7 |
_aKafka, Franz _d1883-1924 _0(DE-588)118559230 _2gnd _961520 |
| 650 | 0 | 7 |
_aRezeption _0(DE-588)4049716-1 _2gnd |
| 655 | 7 |
_0(DE-588)4113937-9 _aHochschulschrift _2gnd-content |
|
| 856 | 4 | 0 |
_uhttps://doi.org/10.30965/9783846768273 _zVolltext |
| 883 | 1 |
_81\p _avlb _d20230330 _qDE-101 _uhttps://d-nb.info/provenance/plan#vlb |
|
| 942 |
_2z _cEB |
||
| 999 |
_c70517 _d70517 |
||